00979nam a22002657a 45000010005000000030006000050050017000110080041000280200018000690400029000870500013001160820013001291000017001422450033001592500046001922600038002383000049002765050008003255200255003335210021005885210020006096500028006296500018006577000038006755172FISKH20241108124503.0241108b cb ||||| |||| 00| 0 eng d a9780590450522 aFISKHbengcFISKHdFISKH aF610.P38 a796.5092 aPausen, Gary aWoodsong /cby Gary Paulsen  aFirst Scholastic printing, September 1991 aNew York : bScholastic ;c1990.  a132 pages : billustrations, map ;c20 cm .  aZ  aFor a rugged outdoor man and his family, life in northern Minnesota is a wild experience involving wolves, deer, and the sled dogs that make their way of life possible. Includes an account of the author's first Iditarod, a dogsled race across Alaska.8 a1030 bLexile 8 aZ bRaz-Plus  awildernessvnon-fiction adogsvfiction aPaulsen, Ruth Wrighteillustrator